Normal view
MARC view
- المؤسسة العامة للضمان الاجتماعي
Entry Personal Name
001 - CONTROL NUMBER
- control field: 61370
003 - CONTROL NUMBER IDENTIFIER
- control field: JO-AjAnu
005 - DATE AND TIME OF LATEST TRANSACTION
- control field: 20230606084028.0
008 - FIXED-LENGTH DATA ELEMENTS
- fixed length control field: 230606|| aca||aabn | a|a d
040 ## - CATALOGING SOURCE
- Original cataloging agency: JO-AjAnu
- Transcribing agency: JO-AjAnu
100 ## - HEADING--PERSONAL NAME
- Personal name: المؤسسة العامة للضمان الاجتماعي
670 ## - SOURCE DATA FOUND
- Source citation: Work cat.: (JO-AjAnu)31305: المؤسسة العامة للضمان الاجتماعي, author, المؤسسة العامة للضمان الاجتماعي، التقرير السنوي 2018